| 000 | 00536nam a22001697a 4500 | ||
|---|---|---|---|
| 003 | OSt | ||
| 005 | 20181206111913.0 | ||
| 008 | 180320b xxu||||| |||| 00| 0 spa d | ||
| 040 | _cPJ | ||
| 100 |
_9146 _aHolmes, Oliver Wendell |
||
| 245 |
_aLa senda del derecho / _cOliver Wendell Holmes; prólogo de Eduardo Angel Russo. |
||
| 260 |
_aBuenos Aires : _bAbeledo - Perrot, _c1975. |
||
| 300 | _a52 p. ; | ||
| 500 | _aBibliografía y notas al final del texto. | ||
| 650 |
_aDERECHO EN GENERAL _9209 |
||
| 942 |
_2udc _cLIB _h340.11 _iHOL |
||
| 999 |
_c141 _d141 |
||